Normal view MARC view
  • Annacontini, Giuseppe

Entry Nombre Personal

Number of records used in: 1

001 - NUMERO DE CONTROL

  • campo de control: 52771

003 - IDENTIFICADOR DE NUMERO DE CONTROL

  • campo de control: DLC

005 - FECHA Y HORA DE LA ÜLTIMA TRANSACCIÓN

  • campo de control: 20240712193452.0

008 - DATOS DE LONGITUD FIJA

  • campo de control de longitud fija: 120124nn acnnnaabn |n aaa c

010 ## - NÚMERO DE CONTROL DE LA BIBLIOTECA DEL CONGRESO

  • Número de control LC: no2012010282

035 ## - NUMERO DE CONTROL

  • Número de control: (OCoLC)oca09094045

040 ## - FUENTE DE CATALOGACIÓN

  • Agencia original de catalogación: ItFiC
  • Lenguaje de catalogación: spa
  • Agencia de transcripción: ItFiC
  • Agencia que lo modifica: MX-MxUPN

100 1# - ENCABEZAMIENTO - NOMBRE PERSONAL

  • Nombre personal: Annacontini, Giuseppe

670 ## - FUENTE EN LA QUE SE LOCALIZARON DATOS

  • Cita de la fuente: La memoria del parco, 2011:
  • Información localizada: portada (Giuseppe Annacontini)

670 ## - FUENTE EN LA QUE SE LOCALIZARON DATOS

  • Cita de la fuente: Metodologías narrativas en educación, 2019 :
  • Información localizada: portada (Giuseppe Annacontini)

902 ## - CATALOGADOR

  • Catalogador: VíctorGodínez/120724